Science Quiz

Random Science or Letter Quiz

Elements Ending In 'M' per Letter Quiz Stats

 Plays Quiz Updated Nov 30, 2016

Challenge
Share
Tweet
Embed
Score 0/21 Timer 03:00
3 Plays Today
First Letter Element % Correct
HHelium...
89.1%
CCalcium...
88.6%
BBeryllium...
85.3%
LLithium...
84%
RRubidium...
82.7%
AAluminum...
81.6%
PPotassium...
81.4%
MMagnesium...
81.2%
UUranium
80.7%
SSodium...
79.8%
EEuropium...
72.6%
First Letter Element % Correct
GGallium...
70.9%
TTitanium...
69.8%
YYttrium...
65.7%
FFrancium...
63%
IIndium...
62.6%
VVanadium
58.5%
ZZirconium
55.3%
NNiobium...
50.2%
OOsmium
48.7%
DDysprosium...
38.4%

You're not logged in!

Compare scores with friends on all Sporcle quizzes.
OR
Log In

You Might Also Like...

Show Comments

Extras

Top Quizzes Today


Score Distribution

Your Account Isn't Verified!

In order to create a playlist on Sporcle, you need to verify the email address you used during registration. Go to your Sporcle Settings to finish the process.

Report this User

Report this user for behavior that violates our Community Guidelines.

Details: